|
|
|
|
| LEADER |
00000nab a2200000 ar4500 |
| 001 |
vtls008409590 |
| 003 |
SK-MaSNL |
| 005 |
20260303070131.0 |
| 008 |
051114c2005 xo wr|p|||||||000 b|slo |
| 015 |
|
|
|a SNBRB2005/11
|
| 038 |
|
|
|a PPPK
|
| 040 |
|
|
|a PPPKCL
|b slo
|c PPPKCL
|e AACR2
|
| 041 |
0 |
|
|a slo
|
| 044 |
|
|
|a xo
|c SK
|
| 080 |
|
|
|a 73
|x (437.6)
|2 UDC-MRF-SK2
|
| 080 |
|
|
|a 73
|x (438)
|2 UDC-MRF-SK2
|
| 080 |
|
|
|a 061.3
|2 UDC-MRF-SK2
|
| 245 |
0 |
0 |
|a Za 5 rokov 15 plastík
|c [autor] (red)
|
| 611 |
2 |
7 |
|a Medzinárodné sochárske sympózium
|n 5.
|d 2005
|c Nový Smokovec, Slovensko
|2 pppkcl
|9 1067136
|
| 650 |
0 |
7 |
|a slovenské sochárstvo
|2 pppkcl
|9 3052
|
| 650 |
0 |
7 |
|a poľské sochárstvo
|2 pppkcl
|9 3050
|
| 650 |
0 |
7 |
|a sympózia
|2 pppkcl
|9 22177
|
| 651 |
|
7 |
|a Nový Smokovec (Vysoké Tatry, Slovensko)
|2 pppkcl
|9 160830
|
| 651 |
|
7 |
|a Poprad (Slovensko : okres)
|2 pppkcl
|9 28675
|
| 773 |
0 |
|
|t Podtatranské noviny
|g Roč. XLVI, č. 27 (2005), s. 9
|
| 852 |
|
|
|a PPPK
|b KIS3GCP
|
| 958 |
|
|
|a PL
|2 pppkcl
|
| 958 |
|
|
|a SK
|2 pppkcl
|
| 999 |
|
|
|c 1754077
|d 1756007
|